| 000 | 01579 a2200217 4500 | ||
|---|---|---|---|
| 001 | 39353 | ||
| 005 | 20260407155652.0 | ||
| 008 | 260407a1964 arg spa d | ||
| 003 | AR-UNSa-BCEJYS | ||
| 040 |
_aAR-UNSa-BCEJYS _bspa _cAR-UNSa-BCEJYS |
||
| 080 |
_a658.3 _xPersonal. Relaciones humanas en la empresa (Recursos Humanos) |
||
| 245 | 1 | 0 |
_aLas relaciones humanas en la administración _pcon lecturas y casos |
| 264 | 1 |
_aMéxico : _bCECSA (Compañia Editorial Continental) _c1964 |
|
| 300 |
_a673 p. _c22 cm. |
||
| 505 | _aParte I: Perspectivas administrativas: 1. Educación para ejecutivos - Parte II: Organizaciones: 2. La organización como un sistema social - 3. La motivación en las organizaciones - 4. La organización y la persona - 5. Grupos informales: estructura y procesos - Parte III: Personal administrativo: 6. El puesto de funcionario en la organización - 7. Burocracia - 8. Ejecutivos - 9. Especialistas - 10. Supervisores - Parte IV: Relaciones administrativas: 11. Poder - 12. Autoridad - 13. Posición relativa - Parte V: Acción administrativa: 14. Comunicación - 15. Decisiones - 16. Liderato - 17. Subordinación - 18. Control - Parte VI: Medio interno y medio externo : 19. Tecnología - 20. Ficciones de organización - 21. Organización y sociedad - Parte VII: Casos de relaciones humanas en la administración. | ||
| 942 | _cBK | ||
| 590 | _aniveau_biblio:m niveau_hierar:0 | ||
| 100 | 1 | _aSoto Olivares, Jesús | |
| 700 | 1 | _aDubin, Robert | |
| 856 | 4 | 1 |
_uhttps://biblioeco.unsa.edu.ar/pmb/images/libros/L22831.jpg _yImagen de portada _qimage/jpeg |
| 999 |
_c3033 _d3033 |
||